| 000 | 00457nam a2200133Ia 4500 | ||
|---|---|---|---|
| 008 | 250506s9999 xx 000 0 und d | ||
| 024 | _a07A-04-EE, 07A-06-EE, 07A-10-EE & 07A-16-EE | ||
| 082 | _a629.83072 FAR | ||
| 100 | _aFarooq Muhammad Hassan, Adnan Ali, Danyal Ahsan & Rafiuddin | ||
| 245 | 0 | _aWireless Triggering of Electronic Devices | |
| 260 |
_aKarachi: _bUIT, _c2007 |
||
| 600 | _aElectronic Engineering | ||
| 650 | _aBachelor of Engineering (BE) | ||
| 999 |
_c27892 _d27892 |
||